| 000 | 00651nam a22001697a 4500 | ||
|---|---|---|---|
| 005 | 20240405133414.0 | ||
| 008 | 240405b |||||||| |||| 00| 0 eng d | ||
| 082 |
_a297.1227 _bMOU-T |
||
| 100 | _aAbul-Ala Moududi | ||
| 245 |
_aTafheem-ul-Quran : _bTranslation / _cAbul-Ala Moududi |
||
| 260 |
_aPakistan : _bTarjuman-ul-Quran ; _c2023 . |
||
| 300 |
_av-1 (607 p.), v-2 (651 p.), v-3 (772 p.), v-4 (622 p.), v-5 (583 p.), v-6 (584 p.) : _bill ; _c27 cm . |
||
| 500 | _a1- Set of 6 volumes. 2- v-1 (607 p.), v-2 (651 p.), v-3 (772 p.), v-4 (622 p.), v-5 (583 p.), v-6 (584 p.) | ||
| 650 | _aLiterature / Islamic | ||
| 650 | _aTranslation | ||
| 999 |
_c35538 _d35538 |
||